| 000 | 00411nam a2200157Ia 4500 | ||
|---|---|---|---|
| 003 | LK-CoDNM | ||
| 008 | 010623t1921 xxu||||| |||| 00| 1 eng d | ||
| 040 |
_aLK-CoDNM _dLK-CoDNM _eLK-CoDNM |
||
| 041 | _aeng | ||
| 080 |
_a50 _bC1 |
||
| 245 | _aThe Leaflet : C.M.S Ladie's College-Colombo | ||
| 260 |
_bCeylon Observer _aColombo _c1921 |
||
| 300 | _b50P., 17 cm | ||
| 650 | _aOld Girl's Associations | ||
| 942 | _cBK | ||
| 999 |
_c90555 _d90555 |
||